| 000 | 00453nab a2200145Ia 4500 | ||
|---|---|---|---|
| 003 | ES-SlBCS | ||
| 005 | 20210601133100.0 | ||
| 008 | 140529s1954 xxu||||| |||| 00| 0 ita d | ||
| 041 | _aita | ||
| 100 | 1 |
_aOlgiati, Francesco _912610 |
|
| 245 | 0 | 0 |
_aCarmelo Ottaviano e la prassiologia _c Francesco Olgiati |
| 600 | 1 | 4 |
_aOttaviano, Carmelo _922019 |
| 773 | 0 |
_tRivista di Filosofia Neoscolastica _gvol. 46, nº. 6, 1954, págs. 584-590 _wRev392 |
|
| 942 | _cAR | ||
| 999 |
_c590428 _d590428 |
||